000
00254 a2200109 4500
001
194583
040
_c
Magnum
240
1
0
_a
Branca de Neve e os Sete Anões
_l
por
245
1
0
_a
Branca de Neve e os Sete Anões
697
_a
LITERATURA INFANTO
942
_c
BK
999
_c
194583
_d
194583